[Event "Volmac tournament, open section"]
[Site "Antwerp"]
[Date "1993.08.12"]
[Round "6"]
[White "Glek, Igor"]
[Black "Lputian, Smbat Gariginovich"]
[Result "1-0"]
[WhiteElo "2535"]
[BlackElo "2565"]
[WhiteTitle "GM"]
[BlackTitle "GM"]
[Source "365chess.com"]

1. e4 e6 2. d4 d5 3. Nc3 Nf6 4. Bg5 dxe4 5. Nxe4 Be7 6. Bxf6 Bxf6 7. Nf3 O-O
8. c3 Nd7 9. Qc2 e5 10. O-O-O exd4 11. Nxd4 Qe7 12. h4 Nc5 13. Nxc5 Qxc5 14. Bd3
h6 15. Bh7+ Kh8 16. Be4 a5 17. f3 Bxh4 18. Kb1 Bg5 19. g4 Ra6 20. Qh2 Bf6
21. Nb3 Qe7 22. Rd5 Bxg4 23. Qf4 Bxc3 24. Qxg4 a4 25. Nc5 Rb6 26. Nxa4 Bxb2
27. Nxb6 Qb4 28. Bc2 Qxb6 29. Qc4 Bf6+ 30. Rb5 Qe3 31. Qe4 Qxe4 32. fxe4 Bd4
33. Rd5 c5 34. Rd7 b5 35. Rb7 b4 36. Bb3 f6 37. Rh3 Be5 38. Rd3 1-0

[Event "Volmac tournament, open section"]
[Site "Antwerp"]
[Date "1993.08.12"]
[Round "6"]
[White "Grooten, Herman"]
[Black "Har-Zvi, Ronen"]
[Result "0-1"]
[WhiteElo "2375"]
[BlackElo "2505"]
[WhiteTitle "IM"]
[BlackTitle "IM"]
[Source "365chess.com"]

1. d4 Nf6 2. c4 g6 3. Nc3 Bg7 4. e4 d6 5. Nf3 O-O 6. Be2 e5 7. Be3 h6 8. dxe5
Ng4 9. Bf4 Nxe5 10. Qd2 Kh7 11. Nd4 Nbc6 12. Be3 Nxd4 13. Bxd4 Be6 14. Nd5 c6
15. Ne3 Qh4 16. O-O Qxe4 17. Rad1 g5 18. f3 Qg6 19. g4 Kg8 20. Kh1 Rfe8 21. b3
b6 22. f4 gxf4 23. Rxf4 Bf6 24. Nf5 Bg5 25. Rg1 Kh7 26. Rg3 Bxf5 27. gxf5 Qf6
28. Bd3 Rg8 29. Rh3 Bxf4 30. Qxf4 Nxd3 31. Rxd3 Qg5 32. Qf1 Rae8 33. Bc3 Qg4
34. h3 Qe4+ 35. Qf3 Qxf3+ 36. Rxf3 Re2 37. a4 Rgg2 38. Bd4 Rh2+ 39. Kg1 Reg2+
40. Kf1 Rc2 41. Bf2 Rcxf2+ 42. Rxf2 Rxf2+ 43. Kxf2 Kg7 44. Kf3 Kf6 45. Ke4 a5
46. h4 h5 47. Kf4 0-1

[Event "Volmac tournament, open section"]
[Site "Antwerp"]
[Date "1993.08.12"]
[Round "6"]
[White "Lau, Ralf"]
[Black "Tukmakov, Vladimir Borisovich"]
[Result "1-0"]
[WhiteElo "2510"]
[BlackElo "2600"]
[WhiteTitle "GM"]
[BlackTitle "GM"]
[Source "365chess.com"]

1. e4 c5 2. Nf3 d6 3. d4 cxd4 4. Nxd4 Nf6 5. Nc3 Nc6 6. Be2 g6 7. O-O Bg7
8. Nb3 O-O 9. Kh1 Be6 10. f4 Qc8 11. Be3 Rd8 12. Bg1 d5 13. e5 Ne4 14. Bd3 f6
15. exf6 exf6 16. Nb5 f5 17. c3 Bf7 18. a4 a6 19. N5d4 Re8 20. a5 Re7 21. Ra4
Be8 22. Nxc6 Bxc6 23. Rb4 Qd7 24. Nd4 Rc8 25. Nxc6 Rxc6 26. Bb1 Rd6 27. Ba2 Kh8
28. Rf3 h5 29. Rd3 d4 30. cxd4 Qd8 31. Ra3 Red7 32. Rd3 Nc5 33. Rd2 Qxa5 34. Rc4
Ne4 35. b4 Qa3 36. Rdc2 Kh7 37. Rc8 Qxb4 38. Bg8+ Kh6 39. d5 Nf6 40. Be6 Rxe6
1-0

[Event "Volmac tournament, open section"]
[Site "Antwerp"]
[Date "1993.08.12"]
[Round "6"]
[White "Reinderman, Dimitri"]
[Black "Khenkin, Igor"]
[Result "1-0"]
[WhiteElo "2435"]
[BlackElo "2570"]
[WhiteTitle "FM"]
[BlackTitle "GM"]
[Source "365chess.com"]

1. e4 c6 2. d4 d5 3. exd5 cxd5 4. c4 Nf6 5. Nc3 Nc6 6. Nf3 Bg4 7. cxd5 Nxd5
8. Qb3 Bxf3 9. gxf3 e6 10. Qxb7 Nxd4 11. Bb5+ Nxb5 12. Qc6+ Ke7 13. Qxb5 Qd7
14. Nxd5+ Qxd5 15. Qxd5 exd5 16. O-O Ke6 17. Re1+ Kf5 18. Rd1 Rd8 19. Be3 Rd7
20. Rac1 Be7 21. Rd4 g5 22. Ra4 Bf6 23. b3 d4 24. Rc5+ Kg6 25. Bd2 Re8 26. Kf1
Re6 27. Rac4 d3 28. Rc6 Kf5 29. Rxe6 fxe6 30. Ke1 Bd4 31. a4 e5 32. b4 Rd6
33. b5 Rh6 34. Bc3 Bxc3+ 35. Rxc3 Rxh2 36. Rc7 h5 37. Rxa7 d2+ 38. Kd1 Rxf2
39. b6 Rxf3 40. Rf7+ Kg4 41. Rxf3 Kxf3 42. b7 1-0

[Event "Volmac tournament, open section"]
[Site "Antwerp"]
[Date "1993.08.12"]
[Round "6"]
[White "Rozentalis, Eduardas"]
[Black "Savchenko, Stanislav"]
[Result "1-0"]
[WhiteElo "2600"]
[BlackElo "2530"]
[WhiteTitle "GM"]
[BlackTitle "GM"]
[Source "365chess.com"]

1. e4 c5 2. c3 Nf6 3. e5 Nd5 4. g3 d6 5. exd6 Qxd6 6. Bg2 Nc6 7. Ne2 Bg4 8. h3
Bh5 9. O-O e6 10. g4 Bg6 11. d4 Rd8 12. Na3 Be7 13. c4 Ndb4 14. d5 O-O 15. Bf4
Ne5 16. Bg3 Bd3 17. Re1 exd5 18. Nc3 f6 19. Nxd5 Rfe8 20. Qb3 Bf8 21. Rad1 a6
22. Bxe5 Rxe5 23. Nxb4 Bc2 24. Nbxc2 Qxd1 25. Rxd1 Rxd1+ 26. Bf1 1-0

[Event "Volmac tournament, open section"]
[Site "Antwerp"]
[Date "1993.08.12"]
[Round "6"]
[White "Vaisser, Anatoly"]
[Black "Wells, Peter Kenneth"]
[Result "1/2-1/2"]
[WhiteElo "2580"]
[BlackElo "2455"]
[WhiteTitle "GM"]
[BlackTitle "IM"]
[Source "365chess.com"]

1. d4 Nf6 2. c4 e6 3. Nc3 Bb4 4. e3 b6 5. Ne2 Bb7 6. a3 Bd6 7. b3 O-O 8. Ng3 c5
9. Bb2 cxd4 10. Qxd4 Be7 11. Rd1 Nc6 12. Qf4 Qb8 13. Qxb8 Raxb8 14. Nge4 Na5
15. Nd2 Rbc8 16. b4 Nc6 17. f3 Rfd8 18. Kf2 d5 19. cxd5 1/2-1/2

[Event "Volmac tournament, open section"]
[Site "Antwerp"]
[Date "1993.08.13"]
[Round "7"]
[White "Cifuentes Parada, Roberto"]
[Black "Murey, Yaacov"]
[Result "1/2-1/2"]
[WhiteElo "2495"]
[BlackElo "2530"]
[WhiteTitle "GM"]
[BlackTitle "GM"]
[Source "365chess.com"]

1. d4 Nf6 2. Nf3 d6 3. c4 g6 4. Nc3 Bg7 5. e4 O-O 6. Be3 Ng4 7. Bg5 h6 8. Bh4
Nf6 9. Be2 Bg4 10. O-O Nbd7 11. h3 Bxf3 12. Bxf3 c6 13. Rb1 Qc7 14. Qd2 e5
15. d5 cxd5 16. cxd5 a6 17. Rfc1 Qc4 18. Rc2 Rfc8 19. Rbc1 Qd4 20. Qe1 Rc5
21. Rd2 Qb4 22. a3 Qb6 23. b4 Rc4 24. Na4 Qc7 25. Rxc4 Qxc4 26. Bxf6 Bxf6
27. Bg4 b5 28. Bxd7 bxa4 29. Bxa4 Qc3 30. Qe3 Rc8 31. Qxc3 Rxc3 32. Ra2 Bg5
33. Bc2 Bc1 34. a4 Ra3 35. Rxa3 Bxa3 36. Bd3 Bxb4 37. Bxa6 Ba5 38. Kf1 Kf8
39. Ke2 Ke7 40. Kd3 Be1 41. f3 g5 42. Bc8 h5 43. Ke2 Ba5 44. g3 h4 45. gxh4 gxh4
46. Bg4 f6 1/2-1/2

[Event "Volmac tournament, open section"]
[Site "Antwerp"]
[Date "1993.08.13"]
[Round "7"]
[White "Flear, Glenn Curtis"]
[Black "Novikov, Igor Oleksandrovich"]
[Result "0-1"]
[WhiteElo "2500"]
[BlackElo "2545"]
[WhiteTitle "GM"]
[BlackTitle "GM"]
[Source "365chess.com"]

1. d4 d5 2. c4 e6 3. Nc3 c6 4. e4 dxe4 5. Nxe4 Bb4+ 6. Bd2 Qxd4 7. Bxb4 Qxe4+
8. Be2 Na6 9. Bc3 Ne7 10. Bxg7 Rg8 11. Bf6 Qf4 12. Bc3 Rxg2 13. Nf3 Nf5 14. Be5
Qh6 15. Bd3 f6 16. Bxf5 fxe5 17. Bc2 Bd7 18. Qc1 Qxc1+ 19. Rxc1 Ke7 20. Kf1 Rg7
21. Rg1 Rxg1+ 22. Kxg1 Rg8+ 23. Kf1 Rg7 24. Nxe5 Kf6 25. f4 Be8 26. Kf2 Nc5
27. b4 Nd7 28. Re1 Bg6 29. Nxg6 hxg6 30. Rd1 Nb6 31. Rd4 Rc7 32. c5 Nd5 33. Bb3
Rh7 34. Kg3 Rh8 35. a3 Ra8 36. Kg4 a5 37. Bxd5 exd5 38. h4 axb4 39. axb4 Ra1
40. Rd2 Rg1+ 0-1

[Event "Volmac tournament, open section"]
[Site "Antwerp"]
[Date "1993.08.13"]
[Round "7"]
[White "Huzman, Alexander"]
[Black "Ulibin, Mikhail"]
[Result "1/2-1/2"]
[WhiteElo "2520"]
[BlackElo "2560"]
[WhiteTitle "GM"]
[BlackTitle "GM"]
[Source "365chess.com"]

1. d4 e6 2. c4 f5 3. Nf3 Nf6 4. g3 d5 5. Bg2 c6 6. O-O Bd6 7. Qc2 O-O 8. Nc3
Qe7 9. Bg5 h6 10. Bxf6 Qxf6 11. Rab1 a5 12. a3 Nd7 13. b4 axb4 14. axb4 g5
15. cxd5 cxd5 16. Nb5 Bb8 17. Nc7 Ra3 18. e3 g4 19. Nd2 1/2-1/2

[Event "Volmac tournament, open section"]
[Site "Antwerp"]
[Date "1993.08.13"]
[Round "7"]
[White "Nijboer, Friso"]
[Black "Wojtkiewicz, Aleksander"]
[Result "0-1"]
[WhiteElo "2555"]
[BlackElo "2570"]
[WhiteTitle "GM"]
[BlackTitle "GM"]
[Source "365chess.com"]

1. e4 c5 2. Nf3 d6 3. d4 cxd4 4. Nxd4 Nf6 5. Nc3 a6 6. f4 e5 7. Nf3 Nbd7 8. a4
Be7 9. Bd3 O-O 10. O-O exf4 11. Bxf4 Qb6+ 12. Kh1 Qxb2 13. Qe1 Qb6 14. Nd5 Nxd5
15. exd5 Qd8 16. c4 Nc5 17. Bc2 Bg4 18. Qg3 Bxf3 19. Rxf3 Bh4 20. Qh3 g6
21. Raf1 Bg5 22. Bg3 f5 23. Bf2 Nd7 24. Bd4 Bf6 25. Bxf5 gxf5 26. Qxf5 Bxd4
27. Qe6+ Kh8 28. Rf7 Rxf7 29. Rxf7 Qg5 30. g3 Ne5 31. Rxb7 Rf8 0-1

[Event "Volmac tournament, open section"]
[Site "Antwerp"]
[Date "1993.08.13"]
[Round "7"]
[White "Rozentalis, Eduardas"]
[Black "Glek, Igor"]
[Result "1-0"]
[WhiteElo "2600"]
[BlackElo "2535"]
[WhiteTitle "GM"]
[BlackTitle "GM"]
[Source "365chess.com"]

1. e4 e6 2. d4 d5 3. Nd2 c5 4. Ngf3 cxd4 5. exd5 Qxd5 6. Bc4 Qd6 7. Qe2 Nf6
8. Nb3 Nc6 9. Bg5 Qb4+ 10. Bd2 Qb6 11. O-O-O Bd7 12. Bg5 O-O-O 13. Nfxd4 Nb4
14. a3 Nbd5 15. Bxd5 exd5 16. f3 Bd6 17. g3 Rde8 18. Qd3 Kb8 19. Rhe1 Rc8
20. Kb1 Rc4 21. Nf5 Bxf5 22. Qxf5 Rhc8 23. Bxf6 gxf6 24. Qxd5 Be5 25. Rd2 R4c5
26. Qxf7 a5 27. a4 Ka7 28. f4 R8c7 29. Qg8 Rxc2 30. Rxc2 Rxc2 31. Kxc2 Qf2+
32. Nd2 Qxe1 33. fxe5 Qxe5 34. Qc4 f5 35. Nf3 Qe7 36. Nd4 Qe4+ 37. Kb3 1-0

[Event "Volmac tournament, open section"]
[Site "Antwerp"]
[Date "1993.08.13"]
[Round "7"]
[White "Savchenko, Stanislav"]
[Black "Reinderman, Dimitri"]
[Result "1-0"]
[WhiteElo "2530"]
[BlackElo "2435"]
[WhiteTitle "GM"]
[BlackTitle "FM"]
[Source "365chess.com"]

1. d4 Nf6 2. c4 g6 3. Nc3 Bg7 4. e4 d6 5. Nf3 O-O 6. Be2 e5 7. O-O Na6 8. Re1
c6 9. Bf1 Bg4 10. d5 Nb4 11. Be2 a5 12. Be3 c5 13. a3 Na6 14. Rf1 Ne8 15. Ne1
Bd7 16. Nd3 f5 17. exf5 gxf5 18. f4 b6 19. Qd2 Qe7 20. Rae1 Nac7 21. Kh1 Kh8
22. g4 fxg4 23. fxe5 dxe5 24. Rxf8+ Qxf8 25. Rf1 Qd6 26. Bg5 Qg6 27. Qe3 e4
28. Nxe4 Ne6 29. Nf4 Nxf4 30. Qxf4 h6 31. Be7 Qh5 32. Rg1 b5 33. Nxc5 bxc4
34. Bxc4 Bf5 35. Rf1 Bg6 36. Re1 a4 37. Ne6 Bxb2 38. d6 g3 39. Qxg3 Qf5 40. d7
Nf6 41. d8=Q+ Rxd8 42. Bxd8 Ne4 43. Qf4 Qh5 44. Qf8+ 1-0

[Event "Volmac tournament, open section"]
[Site "Antwerp"]
[Date "1993.08.14"]
[Round "8"]
[White "Costello, Colin"]
[Black "Har-Zvi, Ronen"]
[Result "0-1"]
[WhiteElo "2135"]
[BlackElo "2505"]
[BlackTitle "IM"]
[Source "365chess.com"]

1. c4 Nf6 2. Nc3 g6 3. Nf3 Bg7 4. g3 O-O 5. Bg2 d6 6. O-O e5 7. d3 Nbd7 8. Rb1
a5 9. a3 Re8 10. Nd2 Nh5 11. b4 axb4 12. axb4 f5 13. Bb2 Ndf6 14. Ra1 Rb8
15. Ra7 c6 16. Qa4 e4 17. dxe4 Nxe4 18. Ndxe4 fxe4 19. e3 Bg4 20. b5 Bf3 21. Ba1
Ra8 22. bxc6 bxc6 23. Rb1 Rxa7 24. Qxa7 Qc8 25. Nxe4 Bxe4 26. Bxe4 Bxa1 27. Rb7
Ng7 28. Rc7 Qb8 29. Bxc6 Rf8 30. Bd5+ Kh8 31. Rb7 Qxa7 32. Rxa7 Bc3 33. Ra4 Be1
34. f3 Nf5 35. Kf1 Bc3 36. Ke2 Rb8 37. Kd3 Bf6 38. Ke4 Re8+ 39. Kf4 Nxe3 40. Be4
Nd1 41. Bc6 Rf8 42. h4 Ba1+ 43. Kg5 Rf5+ 0-1

[Event "Volmac tournament, open section"]
[Site "Antwerp"]
[Date "1993.08.14"]
[Round "8"]
[White "Docx, Stefan"]
[Black "Nijboer, Friso"]
[Result "1-0"]
[WhiteElo "2215"]
[BlackElo "2555"]
[BlackTitle "GM"]
[Source "365chess.com"]

1. Nc3 g6 2. d4 Bg7 3. e4 d6 4. Nf3 Nf6 5. Be2 a6 6. O-O O-O 7. h3 b5 8. a3 e6
9. e5 dxe5 10. Nxe5 Bb7 11. Bf3 c6 12. Be3 Qc7 13. Qe2 Nd5 14. Nxd5 cxd5 15. Bf4
Qb6 16. c3 f6 17. Nd3 Nd7 18. Nc5 Nxc5 19. dxc5 Qc6 20. Bd6 Rfe8 21. a4 bxa4
22. Qe3 Bf8 23. Bxf8 Rxf8 24. c4 Rac8 25. Rfd1 Rfe8 26. cxd5 exd5 27. Qf4 Re5
28. Rxa4 Rce8 29. Rad4 Qxc5 30. Qxf6 Qc7 31. Qf4 Re1+ 32. Rxe1 Rxe1+ 33. Kh2
Qxf4+ 34. Rxf4 Rc1 35. Rb4 Bc6 36. Rb6 Kf8 37. Rxa6 Ke7 38. Ra7+ 1-0

[Event "Volmac tournament, open section"]
[Site "Antwerp"]
[Date "1993.08.14"]
[Round "8"]
[White "Jolles, Hajo"]
[Black "Ruban, Vadim"]
[Result "0-1"]
[WhiteElo "2280"]
[BlackElo "2590"]
[WhiteTitle "FM"]
[BlackTitle "GM"]
[Source "365chess.com"]

1. c4 c5 2. Nf3 Nf6 3. Nc3 e6 4. d4 cxd4 5. Nxd4 Bb4 6. Nb5 a6 7. Nd6+ Ke7
8. Bf4 Qb6 9. Qb3 Nc6 10. Rd1 e5 11. Be3 Qa5 12. a3 Bxc3+ 13. bxc3 Nd4 14. Bxd4
exd4 15. Rxd4 Qc5 16. g3 a5 17. Bg2 Ra6 18. Qb5 Qxb5 19. Nxc8+ Rxc8 20. cxb5 Rb6
21. c4 Rd6 22. Rxd6 Kxd6 23. Bxb7 Rxc4 24. Kd2 Kc5 25. Rb1 Kb6 26. Bf3 Rc5
27. a4 Rc4 28. Ra1 d5 29. Kd3 Rb4 30. Kc3 d4+ 31. Kc2 Nd7 32. e3 Nc5 33. exd4
Rxd4 34. Re1 Rxa4 35. Bd5 f6 36. Re7 Rd4 37. Bc6 a4 38. Rxg7 a3 39. Kb1 Rd2 0-1

[Event "Volmac tournament, open section"]
[Site "Antwerp"]
[Date "1993.08.14"]
[Round "8"]
[White "Murey, Yaacov"]
[Black "Wells, Peter Kenneth"]
[Result "0-1"]
[WhiteElo "2530"]
[BlackElo "2455"]
[WhiteTitle "GM"]
[BlackTitle "IM"]
[Source "365chess.com"]

1. e4 e5 2. Nf3 Nc6 3. Bb5 a6 4. Ba4 Nf6 5. O-O Be7 6. Re1 b5 7. Bb3 O-O 8. h3
d6 9. c3 Nb8 10. d4 Nbd7 11. Bg5 Bb7 12. Nbd2 h6 13. Bh4 g6 14. Bg3 Nh5 15. dxe5
Nxg3 16. e6 Nh5 17. exd7 Qxd7 18. e5 Nf4 19. Ne4 Rad8 20. exd6 cxd6 21. Qd4 Nh5
22. Re3 Qc7 23. Ng3 Nxg3 24. Qg4 d5 25. Qxg3 Qxg3 26. fxg3 Bc5 27. Nd4 b4
28. Rd1 Rfe8 29. Red3 a5 30. Kh2 bxc3 31. bxc3 Kg7 32. Nf3 Re3 33. Rxe3 Bxe3
34. c4 d4 35. Ne5 Rc8 36. Rf1 f5 37. g4 Be4 38. gxf5 gxf5 39. Nf3 Bd3 40. Re1 f4
0-1

[Event "Volmac tournament, open section"]
[Site "Antwerp"]
[Date "1993.08.14"]
[Round "8"]
[White "Novikov, Igor Oleksandrovich"]
[Black "Glek, Igor"]
[Result "1-0"]
[WhiteElo "2545"]
[BlackElo "2535"]
[WhiteTitle "GM"]
[BlackTitle "GM"]
[Source "365chess.com"]

1. d4 Nf6 2. c4 e6 3. Nf3 b6 4. g3 Bb7 5. Bg2 Be7 6. O-O O-O 7. b3 d5 8. Ne5
Nbd7 9. Nc3 c6 10. Nd3 Ba6 11. cxd5 cxd5 12. a4 Rc8 13. Nb5 Ne4 14. Nxa7 Nc3
15. Qe1 Rc7 16. Bf4 Nxe2+ 17. Qxe2 Rxa7 18. Rfc1 Bf6 19. Qe3 Qe7 20. Rc6 Bxd3
21. Qxd3 Qb4 22. Rd1 Nb8 23. Bd6 Qa5 24. b4 Qxa4 25. Rxb6 Nd7 26. Bxf8 Nxb6
27. Bc5 Bd8 28. Bf1 Ra8 29. Rb1 g6 30. Qe3 Qa2 31. Rc1 Kg7 32. Bd6 Bf6 33. Rc7
Qb2 34. Qxe6 Bxd4 35. Qxf7+ 1-0

[Event "Volmac tournament, open section"]
[Site "Antwerp"]
[Date "1993.08.14"]
[Round "8"]
[White "Reilly, Timothy"]
[Black "Tukmakov, Vladimir Borisovich"]
[Result "0-1"]
[WhiteElo "2315"]
[BlackElo "2600"]
[BlackTitle "GM"]
[Source "365chess.com"]

1. d4 Nf6 2. c4 g6 3. Nc3 d5 4. Nf3 Bg7 5. Qb3 dxc4 6. Qxc4 O-O 7. e4 Na6
8. Be2 c5 9. d5 e6 10. O-O exd5 11. exd5 Bf5 12. Rd1 Re8 13. d6 h6 14. Be3 Bd7
15. Rd2 Qa5 16. Rad1 Rad8 17. h3 Bc6 18. Qh4 Qb4 19. a3 Qxh4 20. Nxh4 Ne4
21. Nxe4 Rxe4 22. g4 Ba4 23. Rc1 Re6 24. Bxa6 bxa6 25. Bxc5 Be5 26. Be3 Rexd6
27. Rxd6 Rxd6 28. Bxh6 Bxb2 29. Rc8+ Kh7 30. Bf8 Rd3 31. Rc7 Rxh3 32. Rxf7+ Kg8
33. Rf4 Rxh4 34. Be7 Rh7 35. Rf8+ Kg7 36. Rc8 Kf7 37. Bg5 Ke6 38. Rg8 Rg7 0-1

[Event "Volmac tournament, open section"]
[Site "Antwerp"]
[Date "1993.08.14"]
[Round "8"]
[White "Reinderman, Dimitri"]
[Black "Meulders, Richard"]
[Result "1-0"]
[WhiteElo "2435"]
[BlackElo "2310"]
[WhiteTitle "FM"]
[BlackTitle "FM"]
[Source "365chess.com"]

1. e4 c5 2. Nf3 e6 3. d3 Nc6 4. g3 d5 5. Nbd2 Nf6 6. Bg2 Be7 7. O-O O-O 8. e5
Nd7 9. Re1 Re8 10. Nf1 f6 11. exf6 Bxf6 12. c4 dxc4 13. dxc4 Nb6 14. Ne3 Qxd1
15. Rxd1 Nd4 16. Nxd4 Bxd4 17. a4 a5 18. Ra2 e5 19. b3 Rf8 20. Re2 Ra7 21. h3
Nd7 22. Nc2 Nf6 23. Kh2 b6 24. f4 Bf5 25. Nxd4 exd4 26. g4 Nxg4+ 27. hxg4 Bxg4
28. Bd5+ Kh8 29. Rde1 Bxe2 30. Rxe2 g6 31. Re6 Kg7 32. Rxb6 Re7 33. Bf3 Rfe8
34. Ba3 Re3 35. Kg2 Rc8 36. Rb5 d3 37. Bxc5 Re1 38. Rb7+ Kh6 39. Bd4 Rg8 40. Bf6
g5 41. fxg5+ Kg6 42. Rd7 1-0

[Event "Volmac tournament, open section"]
[Site "Antwerp"]
[Date "1993.08.14"]
[Round "8"]
[White "Ulibin, Mikhail"]
[Black "Savchenko, Stanislav"]
[Result "0-1"]
[WhiteElo "2560"]
[BlackElo "2530"]
[WhiteTitle "GM"]
[BlackTitle "GM"]
[Source "365chess.com"]

1. e4 e6 2. d4 d5 3. Nc3 Nf6 4. e5 Nfd7 5. f4 c5 6. Nf3 Nc6 7. Be3 Qb6 8. Na4
Qa5+ 9. c3 b6 10. Kf2 Ba6 11. h4 Be7 12. Kg3 Rc8 13. Ng5 h6 14. Nf3 O-O 15. h5
Bb5 16. Bxb5 Qxb5 17. Rb1 Qa6 18. Rf1 f6 19. b3 cxd4 20. cxd4 Ba3 21. Rf2 Ne7
22. Kh2 Nf5 23. Bc1 Bxc1 24. Rxc1 Ne3 25. Qd2 Ng4+ 26. Kg3 Nxf2 27. Kxf2 fxe5
28. fxe5 Rxc1 29. Qxc1 b5 30. Nc3 Rc8 31. Qb2 b4 32. Nd1 Qd3 33. Ne3 Rc3 34. Qe2
Qe4 35. Qd2 Nb8 36. Ke2 Nc6 37. Kf2 Rd3 38. Qc1 Nxd4 39. Nxd4 Qxd4 40. Ke2 Rc3
0-1

[Event "Volmac tournament, open section"]
[Site "Antwerp"]
[Date "1993.08.14"]
[Round "8"]
[White "Vaisser, Anatoly"]
[Black "Cifuentes Parada, Roberto"]
[Result "1/2-1/2"]
[WhiteElo "2580"]
[BlackElo "2495"]
[WhiteTitle "GM"]
[BlackTitle "GM"]
[Source "365chess.com"]

1. d4 d5 2. c4 e6 3. Nc3 Be7 4. cxd5 exd5 5. Bf4 Nf6 6. e3 O-O 7. Be2 c5
8. dxc5 Bxc5 9. Nf3 Nc6 10. O-O Be6 11. Rc1 Rc8 12. Ne5 Nxe5 13. Bxe5 Ne4
14. Bd4 Qa5 15. Qa4 Qb6 16. Nxe4 Bxd4 17. Rxc8 Rxc8 18. Nd6 Qxd6 19. Qxd4 Qc5
20. Qxc5 Rxc5 21. Bd3 Kf8 22. Rd1 Ke7 23. f3 h5 24. h4 Kf6 25. Kf2 Bf5 26. Ke2
Bxd3+ 27. Rxd3 Ke5 28. Kd2 Rc4 29. g3 Rc6 30. Rd4 1/2-1/2

[Event "Volmac tournament, open section"]
[Site "Antwerp"]
[Date "1993.08.14"]
[Round "8"]
[White "Wojtkiewicz, Aleksander"]
[Black "Lputian, Smbat Gariginovich"]
[Result "1/2-1/2"]
[WhiteElo "2570"]
[BlackElo "2565"]
[WhiteTitle "GM"]
[BlackTitle "GM"]
[Source "365chess.com"]

1. Nf3 d5 2. d4 c5 3. c4 e6 4. cxd5 exd5 5. g3 Nc6 6. Bg2 Nf6 7. O-O Be7 8. Nc3
O-O 9. Bg5 c4 10. Ne5 Be6 1/2-1/2

[Event "Volmac tournament, open section"]
[Site "Antwerp"]
[Date "1993.08.15"]
[Round "9"]
[White "Dibyendu Barua"]
[Black "Stepak, Yedael"]
[Result "1-0"]
[WhiteElo "2510"]
[BlackElo "2285"]
[WhiteTitle "GM"]
[BlackTitle "FM"]
[Source "365chess.com"]

1. e4 c5 2. Nf3 e6 3. Nc3 a6 4. d4 cxd4 5. Nxd4 Qc7 6. Be2 Nf6 7. O-O Nc6 8. a4
Bb4 9. Nxc6 bxc6 10. Qd4 Bd6 11. h3 Be5 12. Qd3 a5 13. Qe3 O-O 14. f4 Bxc3
15. bxc3 d5 16. Ba3 Re8 17. e5 Ne4 18. c4 Qa7 19. c5 Ba6 20. Bd3 Bxd3 21. cxd3
Nc3 22. Rf2 d4 23. Qxd4 Nd5 24. f5 exf5 25. Rxf5 Re6 26. Raf1 Rf8 27. Bc1 Ne7
28. Rxf7 Re8 29. Qf2 Qb8 30. Rxg7+ Kxg7 31. Qf7+ Kh8 32. Qxe6 Ng8 33. Qxc6 Qxe5
34. Bb2 Qxb2 35. Qxe8 Qd4+ 36. Kh1 Qxc5 37. Re1 1-0

[Event "Volmac tournament, open section"]
[Site "Antwerp"]
[Date "1993.08.15"]
[Round "9"]
[White "Flear, Glenn Curtis"]
[Black "Vaisser, Anatoly"]
[Result "1/2-1/2"]
[WhiteElo "2500"]
[BlackElo "2580"]
[WhiteTitle "GM"]
[BlackTitle "GM"]
[Source "365chess.com"]

1. d4 Nf6 2. c4 c5 3. d5 b5 4. cxb5 a6 5. e3 axb5 6. Bxb5 Qa5+ 7. Nc3 Bb7
8. Ne2 Nxd5 9. O-O Nc7 10. Bc4 Ba6 11. Bxa6 Nbxa6 12. Nd5 Nxd5 13. Qxd5 Nc7
14. Qb7 Qa7 15. Qxa7 Rxa7 16. e4 g6 17. Be3 d6 18. b4 Bg7 19. Rae1 Ne6 20. bxc5
dxc5 21. Nc1 Ra4 22. f3 Kd7 23. Rf2 Rb8 24. Rc2 c4 25. Rd1+ Ke8 26. Ne2 c3
27. Kf1 f5 28. exf5 gxf5 29. Rd5 f4 30. Bc1 Rb2 31. Rxc3 Bxc3 32. Nxc3 Raxa2
33. Bxb2 Rxb2 34. Ne4 Rb1+ 1/2-1/2

[Event "Volmac tournament, open section"]
[Site "Antwerp"]
[Date "1993.08.15"]
[Round "9"]
[White "Glek, Igor"]
[Black "Docx, Stefan"]
[Result "1-0"]
[WhiteElo "2535"]
[BlackElo "2215"]
[WhiteTitle "GM"]
[Source "365chess.com"]

1. e4 c5 2. Nf3 d6 3. d4 cxd4 4. Nxd4 Nf6 5. Nc3 a6 6. a4 e6 7. Be2 Be7 8. O-O
O-O 9. f4 Qc7 10. Qe1 Nc6 11. Be3 Re8 12. Qg3 Nxd4 13. Bxd4 e5 14. Be3 Be6
15. f5 Bc4 16. Bh6 Bf8 17. Bg5 Nd7 18. Bxc4 Qxc4 19. f6 g6 20. Qh4 Qe6 21. Nd5
Rac8 22. Bh6 1-0

[Event "Volmac tournament, open section"]
[Site "Antwerp"]
[Date "1993.08.15"]
[Round "9"]
[White "Kishnev, Sergey"]
[Black "Claesen, Pieter"]
[Result "0-1"]
[WhiteElo "2500"]
[BlackElo "2240"]
[WhiteTitle "GM"]
[Source "365chess.com"]

1. d4 Nf6 2. c4 c5 3. d5 b5 4. cxb5 a6 5. f3 axb5 6. e4 Qa5+ 7. Bd2 b4 8. Na3
d6 9. Nc4 Qd8 10. a3 e6 11. dxe6 Bxe6 12. axb4 Rxa1 13. Qxa1 d5 14. exd5 Nxd5
15. b5 Nb4 16. Qa7 Nc2+ 17. Kd1 Bxc4 18. Kxc2 Bxf1 19. Nh3 Qd3+ 20. Kc1 Bd6
21. Nf2 Qc4+ 22. Bc3 O-O 0-1

[Event "Volmac tournament, open section"]
[Site "Antwerp"]
[Date "1993.08.15"]
[Round "9"]
[White "Ruban, Vadim"]
[Black "Giddins, Stephen"]
[Result "1-0"]
[WhiteElo "2590"]
[BlackElo "2280"]
[WhiteTitle "GM"]
[BlackTitle "FM"]
[Source "365chess.com"]

1. d4 e6 2. c4 Nf6 3. Nf3 b6 4. g3 Bb7 5. Bg2 Be7 6. Nc3 O-O 7. Qc2 c5 8. d5
exd5 9. Nh4 g6 10. cxd5 d6 11. O-O Qd7 12. e4 b5 13. f4 b4 14. Nd1 Na6 15. Ne3
Nc7 16. b3 Nb5 17. Bb2 Qd8 18. Rad1 Nd7 19. Nf3 Nc3 20. Bxc3 bxc3 21. Qxc3 Bf6
22. e5 Bg7 23. Nc4 Nb6 24. Qc1 dxe5 25. fxe5 Nxd5 26. Ng5 Rb8 27. Nd6 Bxe5 1-0